000 00179 a2200085 4500
245 _aTILL DEATH DO US PART
_hText
100 _aCAROLYN KEENE
650 _aliterature
005 20191017172156.0
084 _aNONE
999 _c8534
_d8534